00428 2200169 4500001002100000008004100021035002000062245003900082100001800121260002800139300001700167020002200184084001400206082000800220650001500228990001500243INLIS000000000003320 ind  a0010-1225000141 aPop-up Tubuh ManusiacAlwi Kosasih aKosasih, Alwi aJakartabErlanggac2023 c25 x 25,5 cm a978-623-180-616-1 a500 ALW p a500 aIlmu Murni a19831/B/26